Welcome to CU Library Online Public Access Catalogue (OPAC)

The leadership baton: (Record no. 3152)

MARC details
000 -LEADER
fixed length control field 00510nam a22001817a 4500
005 - DATE AND TIME OF LATEST TRANSACTION
control field 20250128140131.0
008 - FIXED-LENGTH DATA ELEMENTS--GENERAL INFORMATION
fixed length control field 250128b |||||||| |||| 00| 0 eng d
020 ## - INTERNATIONAL STANDARD BOOK NUMBER
International Standard Book Number 9780310284802
050 ## - LIBRARY OF CONGRESS CALL NUMBER
Classification number BV 652.1.F 63 FOR
Item number 1
100 ## - MAIN ENTRY--PERSONAL NAME
Personal name Forman, Rowland
245 ## - TITLE STATEMENT
Title The leadership baton:
Remainder of title An international strategy for developing leaders in you church
260 ## - PUBLICATION, DISTRIBUTION, ETC.
Place of publication, distribution, etc. Michigan
Name of publisher, distributor, etc. Zondervan
Date of publication, distribution, etc. 2004
300 ## - PHYSICAL DESCRIPTION
Extent 221p
500 ## - GENERAL NOTE
General note sub. index
700 ## - ADDED ENTRY--PERSONAL NAME
Personal name Jones, Jeff
700 ## - ADDED ENTRY--PERSONAL NAME
Personal name Miller,Bruce
942 ## - ADDED ENTRY ELEMENTS (KOHA)
Source of classification or shelving scheme Library of Congress Classification
Koha item type Books
Suppress in OPAC No
999 ## -
-- 3152
-- 3152
Holdings
Withdrawn status Lost status Source of classification or shelving scheme Damaged status Not for loan Collection Home library Current library Shelving location Date acquired Total checkouts Full call number Barcode Date last seen Copy number Price effective from Koha item type
    Library of Congress Classification     Non-fiction Graduate Library (Christ Temple) Graduate Library (Christ Temple) General stacks 01/28/2025   BV 652.1.F63 FOR GSCT00000403 01/28/2025 1 01/28/2025 Books
    Library of Congress Classification     Non-fiction Undergraduate Library (Christ Temple) Undergraduate Library (Christ Temple) General stacks 06/03/2025   BV652.1.F63 FOR ulct00002894 06/03/2025 1 06/03/2025 Books
© 2023-2024 Copyright: Central University Libraries. All Rights Reserved | Created by: Mahone Tech Office